Todos os personagens de Brawlhalla - Statistics

Estatísticas Gerais
  • Esse quiz foi jogado 10 vezes
  • A pontuação média é 46 de 64
Estatísticas das Respostas
Imagem Resposta % Correto
Sir Roland
100%
Artemis
89%
Lord Vraxx
89%
Mirage
89%
Val
89%
Ada
78%
Azoth
78%
Bodvar
78%
Brynn
78%
Diana
78%
Ember
78%
Hattori
78%
Kor
78%
Lin Fei
78%
Loki
78%
Lucien
78%
Mako
78%
Munin
78%
Nix
78%
Orion
78%
Rayman
78%
Red Raptor
78%
Seven
78%
Teros
78%
Tezca
78%
Ulgrim
78%
Yumiko
78%
Arcadia
67%
Asuri
67%
Barraza
67%
Caspian
67%
Cassidy
67%
Cross
67%
Dusk
67%
Ezio
67%
Fait
67%
Gnash
67%
Imugi
67%
Isaiah
67%
Jhala
67%
Jiro
67%
Kaya
67%
Magyar
67%
Mordex
67%
Onyx
67%
Petra
67%
Queen Nai
67%
Ragnir
67%
Scarlet
67%
Thea
67%
Thor
67%
Vector
67%
Vivi
67%
Volkov
67%
Wu Shang
67%
Xull
67%
Zariel
67%
Jaeyun
56%
King Zuva
56%
Koji
56%
Reno
56%
Sentinel
56%
Sidra
56%
Thatch
56%
Nenhum quiz correspondente encontrado
Distribuição das Pontuações
Porcentagem de Pessoas com Cada Pontuação
Percentil de Números Respondidos
Sua Pontuação Histórica
Você não jogou esse quiz